000 00362 a2200169 4500
001 44670
020 _a8526010662
040 _cAnchieta - Aquarius
100 _aBelinky, Tatiana
240 1 0 _aA torre do Reno
_lpor
245 1 0 _aA torre do Reno
300 _a
362 0 _a2006
440 1 _aGlobal
650 4 _aLiteratura infanto-juvenil
942 _cBK
999 _c44670
_d44670